Land and labour in India / (Record no. 62012)

MARC details
000 -LEADER
fixed length control field 01714nam a22003017a 4500
005 - DATE AND TIME OF LATEST TRANSACTION
control field 20120206110714.0
010 ## - LCCN (DPL NO)
LC control number B-452510-514
020 ## - INTERNATIONAL STANDARD BOOK NUMBER
International Standard Book Number 8180280217
Terms of availability 595.00
020 ## - INTERNATIONAL STANDARD BOOK NUMBER
International Standard Book Number 9788180280214
Terms of availability 595.00
035 ## - SYSTEM CONTROL NUMBER
System control number 452510-514
037 ## - SOURCE OF ACQUISITION
Source of stock number/acquisition Virtuous Pub/Ven
082 ## - DEWEY DECIMAL CLASSIFICATION NUMBER
Classification number 338.10954
100 ## - MAIN ENTRY--PERSONAL NAME
Personal name Daniel
245 ## - TITLE STATEMENT
Title Land and labour in India /
Statement of responsibility, etc by Daniel and Alice Thorner
260 ## - PUBLICATION, DISTRIBUTION, ETC. (IMPRINT)
Place of publication, distribution, etc New Delhi
Name of publisher, distributor, etc Chronicle Books
Date of publication, distribution, etc 2005
270 ## - ADDRESS
Address S-7 & 8,Green Park Main Market,
City New Delhi
Postal code 110016
300 ## - PHYSICAL DESCRIPTION
Extent xi,251p.
Dimensions 22cm(Hb)
490 ## - SERIES STATEMENT
Series statement Chronical classics series
-- 42018
500 ## - GENERAL NOTE
General note Includes index
700 ## - ADDED ENTRY--PERSONAL NAME
Personal name Thorner,Alice
9 (RLIN) 40856
942 ## - ADDED ENTRY ELEMENTS (KOHA)
Source of classification or shelving scheme Dewey Decimal Classification
Item type English Books
Call number suffix DAN
Classification part 338.10954
Holdings
Withdrawn status Lost status Not for loan Collection code Home library Current library Date acquired Source of acquisition Cost, normal purchase price Full call number Barcode Copy number Cost, replacement price Koha item type
      Non-fiction Central Library Central Library 15/02/2012 Virtuous Pub/686/14.10.2011/05/15.09.2011/29.11.2011 595.00 338.10954 DAN B-452510 1 595.00 English Books
      Non-fiction Karol Bagh Karol Bagh 15/02/2012 Virtuous Pub/686/14.10.2011/05/15.09.2011/29.11.2011 595.00 338.10954 DAN B-452513 1 595.00 English Books
      Non-fiction Patel Nagar Patel Nagar 15/02/2012 Virtuous Pub/686/14.10.2011/05/15.09.2011/29.11.2011 595.00 338.10954 DAN B-452511 1 595.00 English Books
      Non-fiction Sarojini Nagar Sarojini Nagar 15/02/2012 Virtuous Pub/686/14.10.2011/05/15.09.2011/29.11.2011 595.00 338.10954 DAN B-452512 1 595.00 English Books
      Non-fiction Shahdara Branch Shahdara Branch 15/02/2012 Virtuous Pub/686/14.10.2011/05/15.09.2011/29.11.2011 595.00 338.10954 DAN B-452514 1 595.00 English Books

© Delhi Public Library
Hit Counter
free hit counter